|
|
|
|
| LEADER |
00000cam a22000002c 4500 |
| 001 |
1166842606 |
| 003 |
DE-627 |
| 005 |
20220524113041.0 |
| 007 |
tu |
| 008 |
020206s2000 xx ||||| m 00| ||eng c |
| 024 |
8 |
|
|a 3003557
|q Order no.
|
| 035 |
|
|
|a (DE-627)1166842606
|
| 035 |
|
|
|a (DE-576)096842601
|
| 035 |
|
|
|a (DE-599)BSZ096842601
|
| 040 |
|
|
|a DE-627
|b ger
|c DE-627
|e rakwb
|
| 041 |
|
|
|a eng
|
| 100 |
1 |
|
|a Caldwell, Roslyn Marie
|4 aut
|
| 245 |
1 |
0 |
|a Family versus peer involvement
|b the role of self-esteem, sex, and cognitive style as predictors of delinquency among high-risk adolescents
|c by Roslyn Marie Caldwell
|
| 264 |
|
1 |
|c 2000
|
| 300 |
|
|
|a XI, 133 S.
|
| 336 |
|
|
|a Text
|b txt
|2 rdacontent
|
| 337 |
|
|
|a ohne Hilfsmittel zu benutzen
|b n
|2 rdamedia
|
| 338 |
|
|
|a Band
|b nc
|2 rdacarrier
|
| 502 |
|
|
|a Univ. of California, Diss., 2000
|
| 583 |
1 |
|
|a Archivierung prüfen
|c 20200919
|f DE-640
|z 1
|2 pdager
|
| 655 |
|
7 |
|a Hochschulschrift
|0 (DE-588)4113937-9
|0 (DE-627)105825778
|0 (DE-576)209480580
|2 gnd-content
|
| 751 |
|
|
|a Santa Barbara, Calif.
|0 (DE-588)4118400-2
|0 (DE-627)105791733
|0 (DE-576)209518073
|4 uvp
|
| 935 |
|
|
|a mkri
|
| 951 |
|
|
|a BO
|
| ELC |
|
|
|b 1
|
| LOK |
|
|
|0 000 xxxxxcx a22 zn 4500
|
| LOK |
|
|
|0 001 2406911225
|
| LOK |
|
|
|0 003 DE-627
|
| LOK |
|
|
|0 004 1166842606
|
| LOK |
|
|
|0 005 20020206000000
|
| LOK |
|
|
|0 008 020206||||||||||||||||ger|||||||
|
| LOK |
|
|
|0 040
|a DE-Frei85
|c DE-627
|d DE-Frei85
|
| LOK |
|
|
|0 852
|z Kopie, erschienen im Verl. Univ. Microfilms Internat., Ann Arbor, 2001
|
| LOK |
|
|
|0 852
|a DE-Frei85
|
| LOK |
|
|
|0 852 1
|m p
|9 00
|
| LOK |
|
|
|0 938
|k p
|
| LOK |
|
|
|0 939
|a 06-02-02
|b l01
|
| ORI |
|
|
|a SA-MARC-krimdoka001.raw
|